Program pre zvukovú syntézu hovoreného jazyka

Salvato in:
Dettagli Bibliografici
Autore principale: Böhmer, Vladimír (Autore)
Altri autori: Šperka, Martin, 1945- (Relatore della tesi)
Natura: Manoscritto Libro
Lingua:slovacco
Pubblicazione: Bratislava : STU v Bratislave FEI, 2000
Soggetti:
Tags: Aggiungi Tag
Nessun Tag, puoi essere il primo ad aggiungerne!!

MARC

LEADER 00000ntm a22000003a 4500
001 stu56849
005 20160719164839.8
008 010212s2000------------------------slo-d
040 |a STU  |b slo 
041 0 |a slo 
100 1 |a Böhmer, Vladimír  |4 aut 
245 1 |a Program pre zvukovú syntézu hovoreného jazyka 
260 |a Bratislava :  |b STU v Bratislave FEI,  |c 2000 
300 |a 49 s  |c príl.1. 8 s., príl.2. 15 s. 
650 7 |a informatika  |2 stusub 
700 1 |a Šperka, Martin,  |d 1945-  |4 ths  |u E220  |U FEI Fakulta elektrotechniky a informatiky  |T FEI Katedra informatiky a výpočtovej techniky  |X 1924  |U E220  |Y 69  |7 1924 
996 |b EDIPL-6455  |c I*DIPL-6455  |l II680  |s A  |a 24  |w stu56849_0001